| 000 | 00506nam a2200157 a 4500 | ||
|---|---|---|---|
| 001 | 000025841 | ||
| 005 | 20200930024106.0 | ||
| 008 | 110223s1997 dr 000 0 spa d | ||
| 040 |
_aDO-SdBNP _bspa _cBNPHU |
||
| 110 | 2 |
_aRepública Dominicana _bContraloría General de la República Dominicana _952672 |
|
| 245 | 1 | 0 | _aSistema de contabilidad gubernamental. |
| 260 |
_aSanto Domingo : _bEditorial Amigo del Hogar, _c1997. |
||
| 300 |
_a143 P. ; _c27 cm. |
||
| 504 | _aBibliografía : p. 143 | ||
| 049 | _aBNPD | ||
| 999 |
_c25333 _d25333 |
||